Herbal treatment of major depression: Scientific basis and practical use (Record no. 7909)

MARC details
000 -LEADER
fixed length control field 00535nam a2200169Ia 4500
008 - FIXED-LENGTH DATA ELEMENTS--GENERAL INFORMATION
fixed length control field 230917s9999||||xx |||||||||||||| ||und||
020 ## - ISBN
Price GBP 150.00 (RS 15007.50)
040 ## - CATALOGING SOURCE
-- 5006531
Original cataloging agency VIVEKANANDA LIBRARY
041 ## - Language
-- English
082 ## - DDC NUMBER
Classification number 616.8527061 M523H
100 ## - MAIN ENTRY--PERSONAL NAME
Personal name Mendelson, Scott D
245 #0 - TITLE STATEMENT
Title Herbal treatment of major depression: Scientific basis and practical use
260 ## - PUBLICATION, DISTRIBUTION, ETC. (IMPRINT)
Place of publication, distribution, etc London
Name of publisher, distributor, etc CRC Press
Date of publication, distribution, etc 2020
300 ## - PHYSICAL DESCRIPTION
Pages xxv, 420 p.
500 ## - GENERAL NOTE
General note 4934 26/12/2022 PBA23/448 10/01/2023 Pharmaceutical Sciences (Non- Plan)
942 ## - ADDED ENTRY ELEMENTS (KOHA)
Koha item type Books
Holdings
Withdrawn status Lost status Damaged status Not for loan Location (home branch) Sublocation or collection (holding branch) Date acquired Koha issues (times borrowed) Koha full call number Accession No. Koha date last seen Koha item type
        VIVEKANANDA LIBRARY VIVEKANANDA LIBRARY 27/02/2023   616.8527061 M523H 406771 17/09/2023 Books
© Designed and Maintained by Vivekananda Library, MDU Rohtak